Normal view MARC view
  • Cattell, Raymond B.

Entry Nombre Personal

Number of records used in: 4

001 - NUMERO DE CONTROL

  • campo de control: 38717

003 - IDENTIFICADOR DE NUMERO DE CONTROL

  • campo de control: DLC

005 - FECHA Y HORA DE LA ÜLTIMA TRANSACCIÓN

  • campo de control: 20230921095839.0

008 - DATOS DE LONGITUD FIJA

  • campo de control de longitud fija: 790411n| azannaabn |a aaa

010 ## - NÚMERO DE CONTROL DE LA BIBLIOTECA DEL CONGRESO

  • Número de control LC: n 79021477

035 ## - NUMERO DE CONTROL

  • Número de control: (OCoLC)oca00255275

040 ## - FUENTE DE CATALOGACIÓN

  • Agencia original de catalogación: DLC
  • Lenguaje de catalogación: spa
  • Description conventions: rda
  • Agencia de transcripción: DLC
  • Agencia que lo modifica: DLC
  • Agencia que lo modifica: DNLM
  • Agencia que lo modifica: OkU
  • Agencia que lo modifica: MX-MxUPN

046 ## - FECHAS CON CODIFICACIÓN ESPECIAL

  • Fecha de nacimiento: 1905-03-20
  • Fecha de muerte: 1998-02-02
  • Fuente del formato de fecha: edtf

100 1# - ENCABEZAMIENTO - NOMBRE PERSONAL

  • Nombre personal: Cattell, Raymond B.
  • Fuller form of name: (Raymond Bernard),
  • Fechas asociadas con el nombre: 1905-1998

370 ## - LUGAR ASOCIADO

  • Place of birth: West Bromwich (Inglaterra)
  • Place of death: Honolulu (Hawaii)

372 ## - CAMPO DE ACTIVIDAD

  • Field of activity: Psicología

373 ## - GRUPO ASOCIADO

  • Associated group: University of Hawaii at Hilo
  • Fuente del término: naf

374 ## - OCUPACIÓN

  • Occupation: Profesor universitario

378 ## - FORMA COMPLETA DE NOMBRE PERSONAL

  • Fuller form of personal name: Raymond Bernard

400 1# - VEÁSE - NOMBRE DE PERSONA

  • Personal name: Cattell, Raymond Bernard,
  • Dates associated with a name: 1905-1998

670 ## - FUENTE EN LA QUE SE LOCALIZARON DATOS

  • Cita de la fuente: His The subjective character of cognition, 1929.

670 ## - FUENTE EN LA QUE SE LOCALIZARON DATOS

  • Cita de la fuente: The inheritance of personality and ability, 1981:
  • Información localizada: portada (Raymond B. Cattell)

670 ## - FUENTE EN LA QUE SE LOCALIZARON DATOS

  • Cita de la fuente: NLM files, 1/8/85
  • Información localizada: (hdg.: Cattell, Raymond B. (Raymond Bernard), 1905-)

670 ## - FUENTE EN LA QUE SE LOCALIZARON DATOS

  • Cita de la fuente: Cattell, Raymond B. (Raymond Bernard). The scientific analysis of personality, 2007:
  • Información localizada: portada (Raymond B. Cattell) info. from pub. (d. 1998)

670 ## - FUENTE EN LA QUE SE LOCALIZARON DATOS

  • Cita de la fuente: Contemporary authors, volumes 5-8, first revision, 1970:
  • Información localizada: (Raymond Bernard Cattell, b. Mar. 20, 1905, Staffordshire, England)

670 ## - FUENTE EN LA QUE SE LOCALIZARON DATOS

  • Cita de la fuente: Findagrave, Mar. 30, 2022:
  • Información localizada: Raymond Bernard Cattell (b. Mar. 20, 1905, West Bromwich; d. Feb. 2, 1998, Honolulu)
  • Uniform Resource Identifier: https://www.findagrave.com/memorial/170965830/raymond-bernard-cattell

670 ## - FUENTE EN LA QUE SE LOCALIZARON DATOS

  • Cita de la fuente: El análisis científico de la personalidad y la motivación, 1982:
  • Información localizada: portada (Raymond B. Catell; profesor honorario de Psicología en la Universidad de Hawai)

902 ## - CATALOGADOR

  • Catalogador: Víctor Ruiz/210923